Logo BPK

Biblioteka

Politechniki Koszalińskiej

Linux / (Rekord nr 46108)

Szczegóły MARC
000 -ETYKIETA REKORDU
podpole kontrolne o stałej długości 01243nam a2200301 i 4500
001 - NUMER KONTROLNY REKORDU
pole kontrolne bg
015 ## - NUMER BIBLIOGRAFII NARODOWEJ
Numer bibliografii narodowej PB 9545/2002
020 ## - MIĘDZYNARODOWY ZNORMALIZOWANY NUMER KSIĄŻKI - ISBN
ISBN 8371208766
040 ## - ŹRÓDŁO KATALOGOWANIA
Instytucja, która utworzyła rekord BPK
041 1# - KOD JĘZYKA
Kod języka tekstu pol
Kod języka oryginału eng
080 ## - UNIWERSALNA KLASYFIKACJA DZIESIĘTNA - UKD
UKD 004.451(07)
920 ## - Międzynarodowy znormalizowany numer książki – ISBN
ISBN 83-7120-876-6
008 - POLE O STAŁEJ DŁUGOŚCI - DANE KONTROLNE
podpole kontrolne o stałej długości s pl f |000 0 pol
100 1# - NAZWA OSOBOWA
Nazwa osobowa RICART, Manuel Alberto
245 10 - TYTUŁ/ODPOWIEDZIALNOŚĆ
Tytuł Linux /
Pozostałe elementy strefy tytułu i oznaczenia odpowiedzialności Manuel Alberto Ricart ; przeł. Maciej Miechowicz.
246 ## - WARIANT TYTUŁU
Treść wyrażenia wprowadzającego Tyt. oryg.:
Tytuł The complete idiot's guide to Linux
250 ## - STREFA WYDANIA
Oznaczenie wydania Wyd. 1 (dodr.).
260 ## - STREFA ADRESU WYDAWNICZEGO
Miejsce wydania Poznań :
Nazwa wydawcy/dystrybutora Dom Wydawniczy "Rebis",
Data publikacji, dystrybucji/powstania dokumentu 2002.
300 ## - STREFA OPISU FIZYCZNEGO
Objętość XVII, [3], 362, [1] s. :
Inne cechy fizyczne il. ;
Rozmiary 23 cm +
Dokument towarzyszący CD ROM.
490 1# - STREFA SERII I DOKUMENTU WIELOCZĘŚCIOWEGO - FORMA NIE DO WYSZUKIWANIA
Tytuł i oznaczenie odpowiedzialności serii Dla Żółtodziobów : czyli wszystko, co powinieneś wiedzieć o...
500 ## - UWAGI OGÓLNE
Tekst uwagi Tyt. oryg.: "The complete idiot's guide to Linux" 1999. Na okł. podtyt.: szybkie i łatwe metody poznania Linuxa, przejrzyste wskazówki, jak zainstalować i skonfigurować Linuxa, posługiwać się graficznym interfejsem X Windows za pośrednictwem KDE i podłączyć system do Internetu, rzeczowe porady dotyczące najczęstszych pułapek systemu.
504 ## - UWAGA DOTYCZĄCA BIBLIOGRAFII
Informacje o bibliografii Indeks.
650 #9 - HASŁO PRZEDMIOTOWE W FORMIE NAZWY OGÓLNEJ LUB JEDNOSTKOWEJ
Nazwa ogólna lub geograficzna Linux
655 ## - TERMIN INDEKSOWY - OKREŚLENIE RODZAJU/FORMY DOKUMENTU
Określenie rodzaju/formy dokumentu Podręczniki
700 1# - HASŁO DODATKOWE - NAZWA OSOBOWA
Nazwa osobowa MIECHOWICZ, Maciej.
Określenie związku między hasłem a opisywanym materiałem Tł.
830 #0 - HASŁO DODATKOWE SERII LUB DOKUMENTU WIELOCZĘŚCIOWEGO - TYTUŁ UJEDNOLICONY
Tytuł ujednolicony Dla Żółtodziobów
942 ## - DODATKOWE ELEMENTY (KOHA)
Typ dokumentu Książka
Egzemplarze
Wycofany Status egzemplarza Uszkodzony Dostępność Lokalizacja stała Lokalizacja bieżąca Miejsce przechowywania Sygnatura Kod kreskowy Typ dokumentu
      Dostępny Biblioteka Politechniki Koszalińskiej Biblioteka Politechniki Koszalińskiej Wypożyczalnia BG 75719 02252339 Książka
© 2023 Biblioteka Politechniki Koszalińskiej :: KOHA